Statistics for 中国所有历史朝代 All historical dynasties of China

Click here to take the quiz!

General Stats

  • This quiz has been taken 228 times
    (177 since last reset)
  • The average score is 45 of 59

Answer Stats

朝代定都% Correct
前21世纪前17世纪多个地方
100%
前17世纪前11世纪多个地方
100%
前11世纪前771年西周镐京
99%
前770年前256年东周雒邑
99%
前221年前207年咸阳
99%
618年690年长安
97%
1636年1912年奉天、顺天
97%
前202年9年西汉长安
97%
1368年1644年应天、顺天
97%
25年220年东汉雒阳 等
97%
220年266年洛阳
97%
705年907年长安、洛阳
97%
1271年1368年大都、上都
95%
1127年1279年南宋建康、临安 等
94%
960年1127年北宋汴京
94%
1912年1949年中华民国(不是朝代)
94%
221年263年蜀汉成都(洛阳)
94%
229年280年建业、武昌
94%
317年420年东晋建康
92%
1115年1234年上京、中都 等
92%
266年316年西晋洛阳、长安
92%
907年937年广陵、金陵
92%
420年479年建康
90%
581年619年大兴、洛阳
90%
916年1125年上京
89%
502年557年建康、江陵
88%
557年589年建康
88%
9年23年常安
88%
479年502年建康
85%
1038年1227年西夏兴庆
82%
386年534年北魏盛乐、平城 等
81%
550年577年北齐邺城
78%
1616年1636年后金辽阳、盛京 等
76%
907年951年潭州
76%
690年705年武周神都
76%
1644年1662年南明应天 等
74%
557年581年北周长安
72%
前206年前202年西楚彭城
71%
947年951年后汉晋阳、汴州
69%
951年960年后周汴京
66%
923年937年后唐魏州、洛阳
66%
535年557年西魏长安
66%
534年550年东魏
65%
937年975年南唐金陵、南昌
64%
907年923年后梁开封
60%
936年947年后晋晋阳、开封
60%
937年1254年大理国大理 等
59%
1368年1388年北元上都 等
58%
934年965年后蜀成都
54%
951年979年北汉晋阳
50%
909年945年福州 等
49%
917年971年南汉番禺
48%
304年439年五胡十六国北方多个城市
48%
23年25年更始政权宛 等
47%
907年978年吴越杭州
47%
907年925年前蜀成都
44%
1124年1218年西辽镇州 等
42%
924年963年荆南江陵
31%
1628年1683年明郑安平 等
22%

Score Distribution

Percentile by Number Answered

Percent of People with Each Score

Your Score History

You have not taken this quiz since the last reset